Химический состав термальных вод провинции Цзянси (юго-восточный Китай); Проблемы геологии и освоения недр; Т. 1

Bibliographische Detailangaben
Parent link:Проблемы геологии и освоения недр: труды XX Международного симпозиума имени академика М. А. Усова студентов и молодых ученых, посвященного 120-летию со дня основания Томского политехнического университета, Томск, 4-8 апреля 2016 г./ Национальный исследовательский Томский политехнический университет (ТПУ), Институт природных ресурсов (ИПР) ; Общество инженеров-нефтяников, международная некоммерческая организация, Студенческий чаптер ; под ред. А. Ю. Дмитриева.— , 2016
Т. 1.— 2016.— [С. 651-653]
1. Verfasser: Зиппа Е. В. Елена Владимировна
Körperschaft: Национальный исследовательский Томский политехнический университет (ТПУ) Институт природных ресурсов (ИПР) Кафедра гидрогеологии, инженерной геологии и гидрогеоэкологии (ГИГЭ)
Weitere Verfasser: Шварцев С. Л. Степан Львович (научный руководитель), Токаренко О. Г. Ольга Григорьевна
Zusammenfassung:Заглавие с экрана
Sprache:Russisch
Veröffentlicht: 2016
Schriftenreihe:Гидрогеохимия и гидрогеоэкология Земли. Геоинформационные системыв гидрогеоэкологии
Schlagworte:
Online-Zugang:http://earchive.tpu.ru/handle/11683/31757
Format: Elektronisch Buchkapitel
KOHA link:https://koha.lib.tpu.ru/cgi-bin/koha/opac-detail.pl?biblionumber=619602

MARC

LEADER 00000naa2a2200000 4500
001 619602
005 20231101133053.0
035 |a (RuTPU)RU\TPU\conf\18038 
035 |a RU\TPU\conf\18027 
090 |a 619602 
100 |a 20160824d2016 k y0rusy50 ca 
101 0 |a rus 
102 |a RU 
105 |a y z 100zy 
135 |a drgn ---uucaa 
181 0 |a i  
182 0 |a b 
200 1 |a Химический состав термальных вод провинции Цзянси (юго-восточный Китай)  |f Е. В. Зиппа  |g науч. рук. С. Л. Шварцев, О. Г. Токаренко 
203 |a Текст  |c электронный 
225 1 |a Гидрогеохимия и гидрогеоэкология Земли. Геоинформационные системыв гидрогеоэкологии 
230 |a 1 компьютерный файл (pdf; 316 Kb) 
300 |a Заглавие с экрана 
320 |a [Библиогр.: с. 653 (6 назв.)] 
461 1 |0 (RuTPU)RU\TPU\conf\17456  |t Проблемы геологии и освоения недр  |o труды XX Международного симпозиума имени академика М. А. Усова студентов и молодых ученых, посвященного 120-летию со дня основания Томского политехнического университета, Томск, 4-8 апреля 2016 г.  |o в 2 т.  |f Национальный исследовательский Томский политехнический университет (ТПУ), Институт природных ресурсов (ИПР) ; Общество инженеров-нефтяников, международная некоммерческая организация, Студенческий чаптер ; под ред. А. Ю. Дмитриева  |d 2016 
463 1 |0 (RuTPU)RU\TPU\conf\17457  |t Т. 1  |v [С. 651-653]  |d 2016 
610 1 |a труды учёных ТПУ 
610 1 |a электронный ресурс 
610 1 |a химический состав 
610 1 |a термальные воды 
610 1 |a Китай 
610 1 |a минералы 
610 1 |a минерализация 
610 1 |a азотные термы 
700 1 |a Зиппа  |b Е. В.  |c специалист в области природообустройства и водопользования  |c инженер Томского политехнического университета  |f 1992-  |g Елена Владимировна  |2 stltpush  |3 (RuTPU)RU\TPU\pers\46695 
702 1 |a Шварцев  |b С. Л.  |c российский гидрогеолог, доктор геолого-минералогических наук  |c профессор Томского политехнического университета, академик РАЕН  |f 1936-  |g Степан Львович  |2 stltpush  |4 727 
702 1 |a Токаренко  |b О. Г.  |c геолог  |c доцент Томского политехнического университета, кандидат геолого-минералогических наук  |f 1983-  |g Ольга Григорьевна  |2 stltpush  |4 727 
712 0 2 |a Национальный исследовательский Томский политехнический университет (ТПУ)  |b Институт природных ресурсов (ИПР)  |b Кафедра гидрогеологии, инженерной геологии и гидрогеоэкологии (ГИГЭ)  |h 100  |2 stltpush  |3 (RuTPU)RU\TPU\col\18664 
801 2 |a RU  |b 63413507  |c 20201219  |g RCR 
856 4 |u http://earchive.tpu.ru/handle/11683/31757 
942 |c BK